000 00633nam a2200229Ia 4500
005 20241216011005.0
008 190212s9999||||xx |||||||||||||| ||und||
020 _a968-18-1657-9
082 _a610.736
_bK56
100 _aKING, IMOGENE M. Y OTRO
245 0 _aENFERMERIA COMO PROFESION
_bFILOSOFIA PRINCIPIOS Y OBJETIVOS
250 _a0
260 _aMEXICO
_bLIMUSA
_c1992
300 _a189 pag
_c23 cm
341 _h0
490 _v0
_a0
505 _aPERSONALES-INTERPERSONALES/SISTEMA SOCIAL-OBJETIVOS
541 _aC
_d11-Sep-95
_oSoles
650 _aCIENCIAS APLICADAS
856 _zCiencias Aplicadas
942 _cLIBRO
999 _c29612
_d29612